00349nam a2200121Ia 4500008004000000020001600040082001700056100001700073245007400090260004400164300000800208650001100216210210b1974 xxu||||| |||| 00| 0 eng d a19 560555 1 a822.912 ELIF aELIOT (T S). aFamily reunion: with an introduction and commentary by Nevil Coghill. aDelhi.bOxford University Press.,c1974 a288 aPlay